Možný koniec najlacnejšieho hlasového programu s nekonečným internetom na slovenskom trhu

Zaoberanie sa zmenou v správaní mobilných operátorov v situácii, keď zákazníci masívne využívajú mobilné dáta a potencionalita ďalších vysokých ziskov z čisto hlasových služieb je minimálna. História využívania mobilných dát. Výnimočnosť programu SOVA5 a jej zmeny.

Gespeichert in:
Bibliographische Detailangaben
1. Verfasser: Pólya, Attila
Format: Buchkapitel
Sprache:Slowakisch
Schlagworte:
Tags: Tag hinzufügen
Keine Tags, Fügen Sie das erste Tag hinzu!

MARC

LEADER 00000naa$a2200000$$$4500
001 0261518
005 20240502074147.5
041 0 |a slo 
044 |a SK 
245 1 0 |a Možný koniec najlacnejšieho hlasového programu s nekonečným internetom na slovenskom trhu  |c Attila Pólya 
520 |a Zaoberanie sa zmenou v správaní mobilných operátorov v situácii, keď zákazníci masívne využívajú mobilné dáta a potencionalita ďalších vysokých ziskov z čisto hlasových služieb je minimálna. História využívania mobilných dát. Výnimočnosť programu SOVA5 a jej zmeny. 
610 2 0 |a internet 
610 2 0 |a siete mobilné 
610 2 0 |a technológie komunikačné 
610 2 0 |a telekomunikácie 
610 2 0 |a dáta 
610 2 0 |a technológie informačné 
610 2 0 |a trh 
610 2 0 |a zákazníci 
610 2 0 |a marketing 
610 2 0 |a služby digitálne 
610 2 0 |a služby platené 
100 1 |a Pólya, Attila